Nuovo dizionario italiano-spagnolo

Saved in:
Bibliografiske detaljer
Hovedforfatter: Ambruzzi, Lucio (Author)
Format: Bog
Sprog:spansk
italiensk
Udgivet: Turín G. B. Parvia 1949
Fag:
Tags: Tilføj Tag
Ingen Tags, Vær først til at tagge denne postø!

MARC

LEADER 00000nam a2200000 a 4500
001 UCO6435
003 CL-VaPUC
008 001020e19490000IT |||||||||||||||||spa|d
041 0 7 |a spa  |2 CL-VaPUC 
041 0 7 |a ita  |2 CL-VaPUC 
082 0 4 |a 453.61  |b AMB  |2 21 
100 0 |a Ambruzzi, Lucio  |e author  |9 451072 
245 1 0 |a Nuovo dizionario italiano-spagnolo 
300 |a 1311 p 
942 |c BK 
945 |d 20001020 00:00:00  |a crobeson 
260 |a Turín  |b G. B. Parvia  |c 1949 
650 7 |a LENGUAS ROMANCES  |2 CL-VaPUC  |9 346632 
650 0 |a Italiano  |9 344614 
650 0 |a Español  |9 255372 
650 0 |a Diccionarios  |9 256200 
650 0 |a Glosarios  |9 261047 
583 |a last modification  |c 20001020 00:00:00  |k Rodrigo Vera 
999 |c 291965  |d 291963 
952 |0 0  |1 0  |4 0  |6 453_610000000000000_AMB_1949  |7 0  |8 F  |9 342327  |a BIBARQ  |b BIBARQ  |d 2019-11-20  |i 1227319  |o 453.61 AMB 1949  |p 1227319  |r 2025-01-20  |w 2019-11-20  |y BK_F  |k ARQ